000 00576nam a22001817a 4500
005 20251108175751.0
008 250721s2019 xx 000 0 ara d
082 1 4 _a153.9/اوش
100 1 _aأوشو،
245 1 0 _aالذكاء العيش في الوقت الحاضر /
264 1 _aبيروت /لبنان :
_bشركة المطبوعات للتوزيع والنشر،
_c2019.
300 _a206ص.
650 1 7 _aالذكاء
650 1 7 _aالعمليات العقلية
700 1 _aباسيل، انطوان
_eمترجم
942 _2ddc
_cBK
999 _c141888
_d141888